Artistas/Bandas Gavalda - Estadísticas

Estadísticas generales
  • Esta prueba ha sido intentada 27 veces
  • La puntuación promedio es 10 de 17
Estadísticas de respuestas
Hint Respuesta % Correcto
Majo Adele
94%
Laura Adele
94%
Vargay blink 182
83%
Mateo Luis Miguel
83%
Villamil Pink Floyd
78%
Luna Bad Bunny/Daniel, Me Estás Matando
72%
Valefo Morat
67%
Axel Eminem
61%
Valesan Arctic Monkeys
50%
Urrutia Coldplay
44%
Sarita Julieta Venegas
44%
Amaia NA
44%
Lucas NA
44%
Ravi Queen
44%
Checho Red Hot Chili Peppers
44%
Zaho Rauw Alejandro
39%
Fonti The Big Push
28%
No se encontraron pruebas coincidentes
Distribución de puntuación
Porcentaje de gente con cada puntuación
Porcentaje por número respondido
Historial de tus puntuaciones
No has intentado esta prueba.